000 00573nam a2200193Ia 4500
003 GCL
008 140319s9999 xx 000 0 ara d
040 _aGCL /
_cGCL
082 0 4 _aد
_b050
100 1 _aعبدالغفار مكاوى
245 1 0 _aالنور والفراشة ( اقرا 433 ) /
_cعبدالغفار مكاوى
300 _a200 ص
490 _aوثائق ونصوص
_v0
650 0 4 _aالادب العربى
650 0 4 _aدواوين وقصائد
650 0 4 _aالادب العالمى
650 0 4 _aالشعر الالمانى
942 _2ddc
_cCF
999 _c27360
_d27360